Obscure Star Wars Characters - Statistics

General Stats
  • This quiz has been taken 35 times
  • The average score is 4 of 20
Answers on the Grid
Answers color-coded by a green-red scale on the quiz's grid according to % correct below.
Rolla Mola
Gafferky Lenzwin
Slowen Lo
Hafin Creendo
Blo'Bem Trentt
LevQinn
Ubbla Mollbro
Lampay Fay
Vindicus Arunzza
Orr'UrRuuR'R
Rycar Ryjerd
Jalxon Terremké
HarrGick
Vontryfi Thelessia
Garn Stewer, Jr.
Pono
MSE-6-G735Y
Trono Rax
Grelloy G. Goy
I-Zellam
Edlin Bofard
Therm Scissorpunch
Sul Fansord
Tempi Crox
Lark and Jonk
Zad Yussuydo
Mill Blatonn
Læh Boparta
Sudswater Dillifay Glon
Oma Tres
Droopy McCool
Weeteef Cyu-Bee
Huj Kliss'Opu
Xolin
Fre Julude
XJ9-CS14
Ruffno Howder
Siwq Mitiden
BoShek
TJ-49349
 
Answer Stats
Answer % Correct
Orr'UrRuuR'R
39%
Droopy McCool
32%
Lampay Fay
29%
Lark and Jonk
29%
Slowen Lo
29%
BoShek
26%
MSE-6-G735Y
26%
Oma Tres
26%
XJ9-CS14
26%
Gafferky Lenzwin
16%
Pono
16%
Therm Scissorpunch
16%
Rycar Ryjerd
13%
Ubbla Mollbro
13%
HarrGick
10%
I-Zellam
10%
Sul Fansord
10%
Weeteef Cyu-Bee
10%
Sudswater Dillifay Glon
3%
Garn Stewer, Jr.
0%
No matching quizzes found
Score Distribution
Percent of People with Each Score
Percentile by Number Answered
Your Score History
You have not taken this quiz